Hajj Studies Vol.1 (Record no. 4893)
[ view plain ]
| 000 -LEADER | |
|---|---|
| fixed length control field | 00589nam a2200229 a 4500 |
| 020 ## - INTERNATIONAL STANDARD BOOK NUMBER | |
| ISBN | 0856644 |
| 082 00 - DEWEY DECIMAL CLASSIFICATION NUMBER | |
| Classification number | 297.55 |
| Author Cutter | SAR |
| 100 ## - MAIN ENTRY--AUTHOR NAME | |
| Author name | Sardar, Ziauddin |
| 245 ## - TITLE STATEMENT | |
| Title | Hajj Studies Vol.1 |
| 260 ## - PUBLICATION, DISTRIBUTION, ETC. (IMPRINT) | |
| Place of publication | London |
| Name of publisher | Croom Helm |
| Year of publication | 0000 |
| 300 ## - PHYSICAL DESCRIPTION | |
| Number of Pages | 168p |
| 500 ## - GENERAL NOTE | |
| General note | includes index and biblioraphy |
| 505 2# - FORMATTED CONTENTS NOTE | |
| Formatted contents note | Illus. Bibliography Notes, Indes |
| 650 ## - SUBJECT ADDED ENTRY--TOPICAL TERM | |
| Topical Term | Muslim Pilgrims and Pilgrimages-Sau |
| 942 ## - ADDED ENTRY ELEMENTS (KOHA) | |
| Koha item type | Books |
| Collection code | Home library | Current library | Date acquired | Cost, normal purchase price | Full call number | Accession Number | Koha item type |
|---|---|---|---|---|---|---|---|
| Henry Martyn Institute Library | Henry Martyn Institute Library | 07/11/2008 | 599.65 | 297.55 SAR | 09042 | Books |
